| 000 | 01378nam a22002297a 4500 | ||
|---|---|---|---|
| 003 | OSt | ||
| 005 | 20210114105925.0 | ||
| 008 | 210114s2004 ck ||||fr|||| 00| 0 spa d | ||
| 040 |
_aCO-JMCR _cCO-JMCR |
||
| 041 | 0 | _aspa | |
| 082 | 0 | 4 |
_a346.86 / _bT164t _223 |
| 100 | 1 |
_aTangarife Torres, Marcel, _eautora _99075 |
|
| 245 | 1 | 3 |
_aEl tratado de Libre Comercio con Estados Unidos : _bfundamentos jurídicos para la negociación / _cMarcel Tangarife Torres |
| 260 |
_aBogotá : _bCámara de Comercio de Bogotá, _c2004 |
||
| 300 |
_a370 páginas ; _c23 cm. |
||
| 500 | _aIncluye notas a pie de página. | ||
| 505 | 0 | _aAntecedentes del Tratado de Libre Comercio -- Fundamentos constitucionales para la negociación del Tratado de Libre Comercio con Estados Unidos -- Competencias de las ramas del Estado dentro del proceso de negociación del Tratado de Libre Comercio -- Principales características del Tratado de Libre Comercio -- Objetivos del Tratado de Libre Comercio -- Posibles capítulos del Tratado de Libre Comercio y su incidencia en el ordenamiento jurídico colombiano -- Acuerdo de Libre Comercio suscrito por Colombia y por Estados Unidos | |
| 650 | 1 | 4 |
_aTratado de libre comercio _xaspectos jurídicos _zColombia _99076 |
| 650 | 1 | 4 |
_aSociedades comerciales _xaspectos jurídicos _912851 |
| 650 | 4 |
_aEstados Unidos _xtratados comerciales _912852 |
|
| 942 |
_2ddc _cBK |
||
| 999 |
_c7059 _d7059 |
||